000
00276nam a22001217a 4500
008
170816b xxu||||| |||| 00| 0 eng d
041
_a
eng
080
_2
2ND
_a
51
100
_a
36
101
_a
MAT
245
_a
FOUNDATIONS OF ADVANCED MATHEMATICS
_c
KLINE,W
942
_2
udc
_c
BK
999
_c
23642
_d
23642